00504 2200193 4500001002100000005001500021035002000036245006500056100001900121250000900140300003600149700001800185260004000203082000800243084001400251020002200265650001000287990001300297INLIS00000000000141320200220075437 a0010-02200003311 aC.L.B.K :bCinta Lama Bersemi Kembali /cSisilia Triana Dewi0 aFebby Andriwan aEd 1 a262 hal :bTeks ;c18,9 x 13 cm0 aRiyan Hasanin ayogyakarta :bCV. Andi Offet,c2015 a813 a813 FEB c a978-979-29-5135-6 aNovel a00111127